| 000 | 00992nam a2200205 i 4500 | ||
|---|---|---|---|
| 001 | 160718 | ||
| 003 | ES-MaACL | ||
| 005 | 20250719062544.0 | ||
| 008 | 041015s1880 it |||| | ita d | ||
| 100 | 1 |
_aNocito, Pietro. _9130507 |
|
| 245 | 1 | 0 |
_aDella libertà condizionale dei condannati / _cstudio dell'avv. Pietro Nocito. |
| 260 |
_aRoma : _b[s.n.], _c1880 ( _fTip. Artero e Comp.) |
||
| 300 |
_a164 p. ; _c22 cm. |
||
| 650 | 4 |
_aLibertad condicional. _9136405 |
|
| 852 |
_aES-MaACL _jD-84(2) _9166738 _bR.FOLL.4/2 _cSVI _dOlim: 193-C-10 _fSello en tinta en portada: "Donativo del Sr. Lastres al Ateneo de Madrid 1907" _gAnotación manuscrito en portada: "Folletos penitenciarios. Tomo 10" _hDonación: Francisco Lastres y Juiz _xEncuadernacion holandesa _xEncuadernado con otras obras formando un volumen facticio |
||
| 903 |
_aLastres y Juiz, Francisco, _d1848-1918 _q1 _ednr _970504 |
||
| 942 |
_2udc _cMONANT |
||
| 999 |
_c160718 _d160718 |
||